Представление документа в формате MARC21

Поле Инд. ПП Название Значение
Тип записи a
Библиографический уровень m
001 Контрольный номер RU/LIBMSTU/285953041
005 Дата корректировки 20200512144455.0
008 Кодируемые данные 090130|||||||||ru |||||||||||000|||rus||
020 a ISBN 978-5-85971-929-7
020 a ISBN 978-5-85971-956-3 (т. 3)
c Цена, тираж 194-33
040 b Код языка каталог. rus
041 0_ a Код языка текста rus
084 a Индекс другой классификации/Индекс ББК 65.03
090 a Полочн. индекс 65.03
x Авторский знак Э 40
245 10 a Заглавие Экономическая история мира
c Ответственность [И. И. Агапова и др.] ; под общ. ред. М. В. Конотопова ; Рос. акад. наук [и др.]
n Номер части/ раздела В 6 т. Т. 3
260 a Место издания Москва
b Издательство КноРус
c Дата издания 2008
300 a Объем 510 с.
500 a Примечание Авт. указаны на обороте тит. л.
504 a Библиография Библиогр. после гл.
600 14 a Персоналии Маркс К., немецкий философ
600 34 a Персоналии Фаберже К., ювелир
600 34 a Персоналии Смит А., шотландский экономист, философ
600 34 a Персоналии Чернышевский Н. Г., философ, писатель, критик
600 34 a Персоналии Лавров П. Л., русский социолог
600 34 a Персоналии Столыпин П. А., государственный деятель Российской империи
650 04 a Основная рубрика Экономическая история мира
651 _4 a Географическое наименование США
651 _4 a Географическое наименование Япония
651 _4 a Географическое наименование Германия
651 _4 a Географическое наименование Франция
651 _4 a Географическое наименование Россия
651 _4 a Географическое наименование Индия
651 _4 a Географическое наименование Китай
653 0_ a Ключевые слова Экономика
653 1_ a Ключевые слова Экономическая история мира
653 1_ a Ключевые слова Мировое хозяйство
653 1_ a Ключевые слова Экономическая мысль
653 1_ a Ключевые слова Капитализм
653 1_ a Ключевые слова Империализм
700 12 a Другие авторы Конотопов М. В.
e Роль лиц авт.-ред.
901 t Тип документа m